01393nac a22003371u 4500003000900000005001700009008004100026020001500067020001800082040004300100082001900143245012800162264003100290300002900321336002600350337002800376338002700404490002500431500002700456650008500483650006000568650004700628651001000675653002700685655002400712700005400736856009600790942001200886999001500898952014200913EG-ScBUE20220222110517.0200219s1993 enk f 000 0 eng d a0460873415 a9780460873413 aEG-ScBUEbengerdacEG-ScBUEdEG-ScBUE04a829.8bANG22200aAnglo-Saxon prose /cedited and translated by Michael Swanton, professor of English Medieval Studies, University of Exeter. 1aLondon :bEveryman,c1993. axxx, 268 pages ;c20 cm. 2rdacontentatextbtxt 2rdamediaaunmediatedbn 2rdacarrieravolumebnc0 aThe Everyman library aDistributer: Al-Ahram. 7aEnglish prose literatureyOld English, ca. 450-1100xModernized versions.2BUEsh 7aCivilization, Anglo-SaxonxLiterary collections.2BUEsh 7aAnglo-SaxonsxLiterary collections.2BUEsh 2BUEsh bHHUUEENNcFebruary2022 vReading book9342321 aSwanton, Michael,‏d1939-eeditor.etranslator.423Contributor biographical informationuhttp://www.loc.gov/catdir/bios/orion051/94134801.html cBB2ddc c9119d9119 00102ddc40708AlahramaMAINbMAINc2NDd2015-04-08ePurchasel1o829.8 ANGp000011286r2025-07-15 00:00:00s2018-04-17w2008-04-15yBB